| 000 | nam a22 a 4500 | ||
|---|---|---|---|
| 999 |
_c56597 _d56597 |
||
| 003 | BLK | ||
| 005 | 20220624103358.0 | ||
| 008 | 180408b bul|||||r ||||||| ||bul|| | ||
| 010 | _aKNG00060579000 | ||
| 040 | _aBLK | ||
| 041 |
_aBUL _cBUL |
||
| 080 |
_aПочвознание. Почвени изследвания _b631.4 _x(075.8) _z631.4(075.8) |
||
| 100 | 1 |
_aГюров, Гюро Филчев _eпърви автор _9286972 |
|
| 139 |
_aГюров, Гюро и др. _bГ 98 |
||
| 245 | 1 | 0 |
_aПочвознание _bУчебник за студентите от ВСИ _cГюро Филчев Гюров; съавт. Бонка Колчева. |
| 257 | _aBGR | ||
| 260 |
_aСофия _bХристо Г. Данов _c1969 |
||
| 300 |
_a372 с. _c22 см |
||
| 380 | _a63 | ||
| 500 | _aБиблиогр. с. 368-372. - 3 080 тир. | ||
| 650 | 4 |
_aПочвознание - учебници за ВУЗ _9254988 |
|
| 653 | _aпочвознание | ||
| 653 | _aучебници за ВУЗ | ||
| 700 | 1 |
_aКолчева, Бонка _eсъавт. _9286973 |
|
| 852 | _aЦб 51966 | ||
| 856 | 4 | _qpdf | |
| 856 | 4 | _qpdf | |
| 942 |
_cKNG _n0 _s1 |
||
| 944 |
_aCR _c13.06.2004 _kЧиталня |
||
| 944 |
_aED _c2022-06-24 _kир |
||
| 999 | _d56597 | ||